| 000 | 00832cam a22002531 4500 | ||
|---|---|---|---|
| 001 | sa 68017741 | ||
| 003 | DLC | ||
| 005 | 20260227112705.0 | ||
| 008 | 871028s1963 ii 000 0bkanx | ||
| 010 | _asa 68017741 | ||
| 025 | _aPL480:I-Kan-1190 | ||
| 035 | _a(OCoLC)17213634 | ||
| 040 |
_aDLC _cNN _dDLC |
||
| 042 | _apremarc | ||
| 050 | 0 | 0 |
_aBL1175.B23 _bV4 |
| 100 | 1 | _aVedavyasacharya, H. K. | |
| 240 | 1 | 0 |
_aGurucarite. _kSelections |
| 245 | 1 | 0 |
_aJagadguru Śrī Rāghavēndra Svāmigaḷavaru, 'Gurucarite' yinda. _c[Lēkhaka] 'Mūlaraghupati.' |
| 260 |
_aNañjanagūḍu, _bŚrī Parimala Saṃśōdhana mattu Prakāśana Mandira, _c1963. |
||
| 300 |
_axiv, 164 p. _c19 cm. |
||
| 490 | 0 |
_aParimaḷa prakāśana, 17. Sāhitya vibhāṅgaka, _v8 |
|
| 500 | _aIn Kannada. | ||
| 600 | 0 | 0 |
_aRāghavendra, _cSwami, _d1601-1661. |
| 999 |
_c87924 _d87924 |
||